Rozvoj vidieckeho priestoru a jeho diferenciácia

Charakteristika a rozvoj vidieka. Vymedzenie vidieckeho priestoru. Úroveň obcí. Rozvoj vidieckeho priestoru. Stratégie pre rozvoj vidieckych regiónov a obcí. Stratégie endogénneho rozvoja pre vidiecke regióny.

Na minha lista:
Detalhes bibliográficos
Autor principal: Tvrdoň, Jozef
Outros Autores: Fáziková, Mária, Finka, Maroš, Hanus, Július, Hrdina, Vojtech
Formato: Capítulo de Livro
Idioma:eslovaco
Assuntos:
Tags: Adicionar Tag
Sem tags, seja o primeiro a adicionar uma tag!

MARC

LEADER 00000nla$a2200000$$$4500
001 0080208
005 20240502071917.1
041 0 |a slo 
044 |a SK 
245 1 0 |a Rozvoj vidieckeho priestoru a jeho diferenciácia  |c Jozef Tvrdoň, Mária Fáziková, Maroš Finka, Július Hanus, Vojtech Hrdina 
520 |a Charakteristika a rozvoj vidieka. Vymedzenie vidieckeho priestoru. Úroveň obcí. Rozvoj vidieckeho priestoru. Stratégie pre rozvoj vidieckych regiónov a obcí. Stratégie endogénneho rozvoja pre vidiecke regióny. 
610 2 0 |a vidiek 
610 2 0 |a osídlenie 
610 2 0 |a demografia 
610 2 0 |a informácie 
610 2 0 |a regióny 
610 2 0 |a infraštruktúra 
100 1 |a Tvrdoň, Jozef 
700 1 |a Fáziková, Mária 
700 1 |a Finka, Maroš 
700 1 |a Hanus, Július 
700 1 |a Hrdina, Vojtech